[Event "CZE-chT 9495"]
[Site "?"]
[Date "1995.??.??"]
[Round "6"]
[White "Salai, Ladislav"]
[Black "Netusil, Miroslav"]
[Result "1-0"]
[WhiteElo "2425"]
[BlackElo "2295"]

1.e4 e6 2.d4 d5 3.Nd2 Be7 4.e5 c5 5.c3 Qb6 6.Qg4 Kf8 7.dxc5 Bxc5 8.Qf4 Qc7
9.Nb3 Bb6 10.Be3 Ne7 11.Bd3 Nd7 12.Bd4 Ng6 13.Bxg6 hxg6 14.Nf3 Nc5 15.Nxc5 Bxc5
16.Bxc5+ Qxc5 17.O-O Bd7 18.Rfe1 Rc8 19.Re3 Qe7 20.Rd1 Rc4 21.Rd4 b5 22.b3 Rc8
23.Ng5 Kg8 24.Rf3 Rf8 25.Qe3 a5 26.Rdf4 f6 27.h4 Rh5 28.Qd4 f5 29.Qa7 Qd8
30.c4 bxc4 31.bxc4 dxc4 32.Rd4 Rxh4 33.Rxh4 Qxg5 34.Rfh3 Rd8 35.Qc7 Kf7 36.Rxc4 Qe7
37.Rd4 a4 38.Rh8  1-0

[Event "CZE-chT 9495"]
[Site "?"]
[Date "1995.??.??"]
[Round "6"]
[White "Hracek, Zbynek"]
[Black "Hausner, Ivan"]
[Result "1/2-1/2"]
[WhiteElo "2595"]
[BlackElo "2450"]

1.e4 e6 2.d4 d5 3.Nd2 Be7 4.Ngf3 Nf6 5.Bd3 c5 6.dxc5 dxe4 7.Nxe4 Nxe4 8.Bxe4 Qxd1+
9.Kxd1 Bxc5 10.Ke2 Nd7 11.Rd1 Nf6 12.Bd3 Ke7 13.Bd2 b6 14.b4 Bd6 15.c4 Bb7
16.Rac1 Rac8 17.a3 Ng4 18.h3 Bxf3+ 19.Kxf3 Ne5+ 20.Ke2 Nxd3 21.Kxd3 Rhd8
22.Ke2 Be5 23.Bg5+ f6 24.Rxd8 Kxd8 25.Be3 Bd6 26.Kd3 Kd7 27.Rb1 e5 28.f3 f5
29.g4 g6 30.a4 Ke6 31.a5 bxa5 32.bxa5  1/2-1/2

[Event "CZE-chT1a"]
[Site "?"]
[Date "1995.??.??"]
[Round "?"]
[White "Bores, Roman"]
[Black "Ambroz, Jan"]
[Result "1/2-1/2"]
[WhiteElo "2295"]
[BlackElo "2405"]

1.e4 e6 2.d4 d5 3.Nd2 Be7 4.Bd3 Nf6 5.Ngf3 c5 6.exd5 exd5 7.dxc5 O-O 8.Nb3 Nbd7
9.Be3 a5 10.a4 Qc7 11.Bd4 Ne4 12.O-O Ndxc5 13.Nxc5 Bxc5 14.c3 Bg4 15.h3 Bxf3
16.Qxf3 Bxd4 17.cxd4 Nd2 18.Bxh7+ Kxh7 19.Qd3+ Ne4 20.f3 f5 21.fxe4 dxe4
22.Qb5 g6 23.Rac1 Qg7 24.Rfd1 Rfd8 25.Qe5 Rd7 26.Rc5 Qxe5 27.Rxe5 Rad8 28.g4 fxg4
29.Rxe4 gxh3 30.Kh2 Rc8 31.Kxh3 Rc4 32.b3 Rc3+ 33.Kg4 Rxb3 34.d5 Kg7 35.d6 Rb4
36.Rxb4 axb4 37.Rd4 b6 38.Rxb4 Rxd6 39.Kg5 Rd5+ 40.Kg4 Kh6 41.Rxb6 Rd4+ 42.Kg3 Rxa4
43.Rb5 g5 44.Rb3 Kh5 45.Rc3 Rg4+ 46.Kh3 Rg1 47.Kh2  1/2-1/2

[Event "CZE-chT1a"]
[Site "?"]
[Date "1995.??.??"]
[Round "?"]
[White "Dolezal, Radoslav Jr"]
[Black "Ambroz, Jan"]
[Result "1/2-1/2"]
[WhiteElo "2260"]
[BlackElo "2405"]

1.e4 e6 2.d4 d5 3.Nd2 Nc6 4.Ngf3 Nf6 5.e5 Nd7 6.b3 a5 7.a3 f6 8.exf6 Qxf6
9.Bb2 Bd6 10.c4 O-O 11.Be2 Qh6 12.O-O b6 13.Re1 Bb7 14.Nf1 Nf6 15.Ne5 Ne4
16.Ng4 Qg5 17.f3 Nf6 18.Nf2 Nh5 19.Nh3 Qh4 20.Qd2 Nf4 21.Nxf4 Bxf4 22.Qc2 Qh6
23.Rad1 Rad8 24.Bd3 Bg5 25.Kh1 Ne7 26.c5 Bc6 27.Bc1 Bxc1 28.Qxc1 Qxc1 29.Rxc1 Rf6
30.cxb6 cxb6 31.Ng3 Be8 32.Rc7 Nc6 33.Ne2 e5 34.Bb5 e4 35.fxe4 dxe4 36.h3 Kf8
37.Ng3 Nxd4 38.Bxe8 Rxe8 39.Rxe4 Rxe4 40.Nxe4 Rf1+ 41.Kh2 Nxb3 42.Ng5  1/2-1/2

[Event "CZE-chT1c 9495"]
[Site "?"]
[Date "1995.??.??"]
[Round "1"]
[White "Hajek, Michal"]
[Black "Skola, Miroslav"]
[Result "1-0"]
[WhiteElo "2300"]
[BlackElo "2240"]

1.e4 e6 2.d4 d5 3.Nd2 Nc6 4.Ngf3 Nf6 5.e5 Nd7 6.Nb3 a5 7.a4 b6 8.c3 Ncb8
9.Be2 Ba6 10.O-O Be7 11.Ne1 Bxe2 12.Qxe2 h5 13.f4 g6 14.Nf3 c5 15.Ng5 Na6
16.Be3 Nc7 17.Nd2 Qc8 18.Ndf3 c4 19.Nh4 b5 20.Qc2 Rg8 21.f5 Nf8 22.fxe6 fxe6
23.Qf2 Rg7 24.Nf7 Kd7 25.Bh6 Rh7 26.Bxf8 Bxh4 27.Qxh4 Qxf8 28.Ng5 Qe7 29.Rf6 Rg7
30.axb5 Rb8 31.Rxa5 Rb6 32.Ra7 Kc8 33.Qe1 Qe8 34.Qa1 Qxb5 35.Qa3 Re7 36.Qxe7  1-0

[Event "CZE-chT2"]
[Site "?"]
[Date "1995.??.??"]
[Round "?"]
[White "Schula, Michal"]
[Black "Krouzel, Jaroslav"]
[Result "0-1"]
[WhiteElo "2270"]
[BlackElo "2240"]

1.e4 e6 2.d4 d5 3.Nd2 Nc6 4.Ngf3 Nf6 5.e5 Nd7 6.c3 f6 7.exf6 Qxf6 8.Nb3 Bd6
9.Bg5 Qf7 10.Qc2 e5 11.O-O-O e4 12.Ne1 O-O 13.Be3 Bf4 14.h3 a5 15.a4 Nb6
16.Nc5 Bxe3+ 17.fxe3 Qg6 18.g4 Qh6 19.Qe2 Nc4 20.Nc2 b6 21.Nxe4 Ba6 22.Ng3 Nxb2
23.Qg2 Nxd1 24.Bxa6 Nxc3 25.Bd3 Nb4 26.Nxb4 Qxe3+ 27.Qd2 Qxd2+ 28.Kxd2 axb4
29.Nf5 Rxa4 30.Rf1 g6 31.Ne7+ Kg7 32.Re1 Ra2+ 33.Ke3 Re8 34.Kf3 Kf7  0-1

[Event "CZE-chT2"]
[Site "?"]
[Date "1995.??.??"]
[Round "?"]
[White "Kotek, Daniel"]
[Black "Roj, Miroslav"]
[Result "1/2-1/2"]
[WhiteElo "2360"]
[BlackElo "2220"]

1.e4 e6 2.d4 d5 3.Nd2 Nc6 4.Ngf3 Nf6 5.e5 Nd7 6.c3 f6 7.exf6 Qxf6 8.Be2 Bd6
9.Nf1 Ne7 10.Ng3 h6 11.O-O O-O 12.Re1 e5 13.dxe5 Nxe5 14.Be3 Be6 15.Nd4 Bf7
16.Nb5 a6 17.Nxd6 Qxd6 18.b3 Rad8 19.Qd2 c5 20.Rad1 Qc6 21.h4 Qc8 22.h5 Be6
23.Bf4 N7c6 24.Bxe5 Nxe5 25.Bf1 Ng4 26.f3 Nf6 27.Re5 Rfe8 28.Rde1 Bd7 29.Bd3 Rxe5
30.Rxe5 Re8 31.Qe3 Rxe5 32.Qxe5 Qe8 33.Qxe8+ Bxe8 34.Bg6 Bd7 35.Kf2 Kf8 36.Ke3 Ke7
37.Ne2 Kd6 38.Nf4 Ke5 39.Nd3+ Kd6 40.Nf4 a5 41.a3 Bb5 42.Bf7 Bd7 43.g4 Bc6
44.Ne2 Nd7 45.Be8 Bb5 46.Ng3 Ke7 47.Bg6 Ne5 48.Nf5+ Kf6 49.Nd6 Bc6 50.Be8 d4+
51.cxd4 cxd4+ 52.Kxd4 Bxf3 53.Kc5 Ke7 54.Bb5 b6+ 55.Kxb6 Kxd6 56.Kxa5 Kc7
57.Be8 Nxg4 58.b4 Nf6 59.Bf7 Nxh5 60.b5 Nf6 61.Ka6 Nd7 62.Ka7 Nb6 63.Bb3 Bb7
64.Be6 h5 65.Bf5 g5 66.a4 Nxa4 67.Bc8 Bxc8 68.b6+ Nxb6  1/2-1/2

[Event "DEN-chT 9495"]
[Site "?"]
[Date "1995.??.??"]
[Round "5"]
[White "Kristensen, Leif"]
[Black "Holst, Allan"]
[Result "1/2-1/2"]
[WhiteElo "2340"]
[BlackElo "2340"]

1.e4 e6 2.d4 d5 3.Nd2 Nc6 4.Ngf3 Nf6 5.e5 Nd7 6.c3 Be7 7.Bd3 a5 8.O-O b6
9.Re1 Ba6 10.Bc2 Na7 11.Nf1 c5 12.Be3 b5 13.Ng3  1/2-1/2

[Event "Dortmund op"]
[Site "Dortmund"]
[Date "1995.??.??"]
[Round "3"]
[White "Kind, Bertram"]
[Black "Ellers, Holger"]
[Result "1/2-1/2"]
[WhiteElo "2170"]
[BlackElo "2360"]

1.e4 e6 2.d4 d5 3.Nd2 Be7 4.c3 c5 5.e5 Nc6 6.Ne2 Qb6 7.Nf3 Bd7 8.Qb3 Qxb3
9.axb3 Nh6 10.Bf4 Rg8 11.h3 g5 12.Bd2 cxd4 13.Nexd4 Nf5 14.Nb5 Rc8 15.g4 Nh4
16.Nxh4 gxh4 17.f4 a6 18.Nd6+ Bxd6 19.exd6 f6 20.Bd3 Rg7 21.O-O Nd8  1/2-1/2

[Event "Dortmund op"]
[Site "Dortmund"]
[Date "1995.??.??"]
[Round "9"]
[White "Kind, Bertram"]
[Black "Hoefker, Mathias"]
[Result "1/2-1/2"]
[WhiteElo "2170"]
[BlackElo "2305"]

1.e4 e6 2.d4 d5 3.Nd2 a6 4.e5 c5 5.Ndf3 cxd4 6.Nxd4 Nc6 7.f4 Nxd4 8.Qxd4 Ne7
9.Bd3 Nc6 10.Qf2 Be7 11.Nf3 O-O 12.Be3 b5 13.O-O Bd7 14.Rac1 f5 15.Kh1 Nb4
16.a3 Nxd3 17.cxd3 b4 18.Bb6 Qb8 19.Rc7 Bd8 20.Rxd7 Qxb6 21.Qxb6 Bxb6 22.axb4 h6
23.Rd6 Be3 24.g3 Rfb8 25.Re1 d4 26.Nxd4 Bxd4 27.Rxd4 Rd8 28.Rxd8+ Rxd8 29.Rd1 Rd4
30.h4 Rxb4 31.Rd2 Rd4 32.Kg2 Kf7 33.Kf2 Ke7 34.Ke3 Rd5 35.Rc2 Rb5 36.Rc7+ Kf8
37.Rc6 Kf7 38.Rxa6 Rxb2 39.Ra7+ Kf8 40.Rd7 Rg2 41.Kf3 Ra2 42.g4 fxg4+ 43.Kxg4 Rg2+
44.Kf3 Rh2 45.Kg3 Rh1 46.d4 Rd1 47.Kf3 Rf1+ 48.Ke4 Re1+ 49.Kf3 Rf1+ 50.Ke3 Rh1
51.d5 exd5 52.Rxd5 Rxh4 53.Rd7 Rh1 54.Ke4 Ra1 55.Kf5 Ra4 56.e6 g5 57.fxg5 hxg5
58.Kxg5 Ra1 59.Kf6 Rf1+ 60.Ke5 Ke8  1/2-1/2

[Event "Nord Cup 1st"]
[Site "Duesseldorf"]
[Date "1995.??.??"]
[Round "5"]
[White "De Gleria, Francesco"]
[Black "Martino Gross, Peter"]
[Result "1-0"]
[WhiteElo "2150"]
[BlackElo "1880"]

1.e4 e6 2.d4 d5 3.Nd2 Nc6 4.Ngf3 Nf6 5.e5 Nd7 6.Bb5 Be7 7.O-O a6 8.Bxc6 bxc6
9.Nb3 c5 10.dxc5 Nxc5 11.Nfd4 Nxb3 12.axb3 Bb7 13.Qg4 g6 14.Bh6 Qd7 15.Rfd1 O-O-O
16.Nf3 f5 17.exf6 Bxf6 18.Bg5 Rhf8 19.Bxf6 Rxf6 20.Qd4 Rdf8 21.Ne5 Qd6 22.Nd3 Kb8
23.b4 R8f7 24.Re1 Kc8 25.Re3 Qb6 26.c3 Bc6 27.Ne5  1-0

[Event "Nord Cup 1st"]
[Site "Duesseldorf"]
[Date "1995.??.??"]
[Round "7"]
[White "Stillger, Bernhard"]
[Black "Borngaesser, Rene"]
[Result "1/2-1/2"]
[WhiteElo "2310"]
[BlackElo "2365"]

1.e4 e6 2.d4 d5 3.Nd2 Nc6 4.Ngf3 Nf6 5.e5 Nd7 6.c3 f6 7.exf6 Qxf6 8.Be2 Bd6
9.Nf1 Nb6 10.Ng3 O-O 11.Be3 Bd7 12.Qc2 Be8 13.O-O Bg6 14.Bd3 Bxd3 15.Qxd3 h6
16.Rae1 Rfe8 17.Re2 Ne7 18.Rfe1 Ng6 19.Bc1 Qf7 20.b3 c6 21.c4 Nd7 22.cxd5 exd5
23.Qf5 Rxe2 24.Rxe2 Bxg3 25.Qxf7+ Kxf7 26.hxg3 Re8 27.Kf1 Rxe2 28.Kxe2 Nf6
29.Kd3 Ne4 30.Be3 Ke6 31.Nd2 Nxd2 32.Bxd2 h5 33.Ke3 Kf5 34.Bb4 Nh8 35.Bc5 a6
36.Bf8 g6 37.Bd6 Nf7 38.Bc7 Ng5 39.Bd8 Ne6 40.Bb6 Kf6 41.Ba5 Kf5 42.Bb6 Nf8
43.Ba5 Nd7 44.Be1 b6 45.Bb4 c5 46.Ba3 c4 47.Bd6 Nf6 48.Bc7 b5 49.Ba5 Ne4
50.Be1 Nd6 51.Bc3 Ke6 52.b4 Kf5 53.Be1 Ne4 54.f3 Nd6 55.Bd2 Nc8 56.Bc3 Nb6
57.Be1 Na4 58.Kd2 Nb6 59.Ke2 Nc8 60.Bc3 Ne7 61.Ke3 Kf6 62.Ke2 Nf5 63.Kf2 g5
64.Bd2 h4 65.gxh4 gxh4 66.Bc3 Kg6 67.Ke2 Ng3+ 68.Ke3 Kg5 69.Kf2 Nh5 70.Bd2+ Kf5  1/2-1/2

[Event "RUS-ch"]
[Site "Elista"]
[Date "1995.??.??"]
[Round "6"]
[White "Dvoirys, Semen I"]
[Black "Dyachkov, Sergej"]
[Result "0-1"]
[WhiteElo "2580"]
[BlackElo "2520"]

1.e4 e6 2.d4 d5 3.Nd2 a6 4.Ngf3 Nf6 5.Bd3 c5 6.e5 Nfd7 7.c3 Nc6 8.O-O g5
9.c4 g4 10.cxd5 exd5 11.Ne1 Nxd4 12.Nc2 Nxc2 13.Bxc2 Nb6 14.a4 Be6 15.f4 f5
16.exf6 Qxf6 17.f5 Bf7 18.Qxg4 Rg8 19.Qe2+ Kd8 20.Nf3 Bd6 21.Qf2 Kc7 22.Be3 d4
23.Nxd4 cxd4 24.Bxd4 Rxg2+  0-1

[Event "Formia op"]
[Site "Formia"]
[Date "1995.??.??"]
[Round "?"]
[White "Bellia, Fabrizio"]
[Black "Naumkin, Igor"]
[Result "0-1"]
[WhiteElo "2300"]
[BlackElo "2500"]

1.e4 e6 2.d4 d5 3.Nd2 Nc6 4.Ngf3 Nf6 5.e5 Nd7 6.Be2 f6 7.exf6 Qxf6 8.Nf1 Bd6
9.Ne3 b6 10.O-O Bb7 11.c3 h6 12.b4 Qf7 13.b5 Na5 14.Nh4 Nf6 15.f4 O-O-O 16.Ng4 Ne4
17.Qe1 Qe8 18.Ne5 g5 19.Nhf3 gxf4 20.Bxf4 Qg8 21.Nh4 Rh7 22.Rc1 Rg7 23.Bh5 Be7
24.Rc2 Nf6 25.Bf3 Qh7 26.Re2 Ne4 27.Re3 Bg5 28.Bg4 Qg8 29.Bh3 Kb8 30.Ref3 a6
31.a4 axb5 32.axb5 Qe8 33.Kh1 Qxb5 34.Bxe6 Qe8 35.Bh3 Nc4 36.Nxc4 dxc4 37.Be5 Re7
38.Rf8 Qxf8 39.Rxf8 Rxf8 40.Ng6 Bd2 41.Qe2 Nxc3  0-1

[Event "Frydek-Mistek op-B"]
[Site "Frydek-Mistek"]
[Date "1995.??.??"]
[Round "?"]
[White "Novikov, Yury"]
[Black "Korolchuk, Nikolav"]
[Result "1/2-1/2"]
[WhiteElo "2245"]
[BlackElo "2315"]

1.e4 e6 2.d4 d5 3.Nd2 a6 4.Ngf3 c5 5.exd5 exd5 6.dxc5 Bxc5 7.Nb3 Be7 8.Be2 Nf6
9.O-O O-O 10.Bg5 Nc6 11.Re1 Re8 12.c3 h6 13.Bh4 Bf5 14.Nfd4 Be4 15.f3 Bg6
16.Bd3 Nxd4 17.Nxd4 Bxd3 18.Qxd3 Qb6 19.Qc2 Bc5 20.Bf2 Rac8 21.Nf5 d4 22.cxd4 Bf8
23.Qd2 Rxe1+ 24.Bxe1 Nd5 25.Bf2 Qg6 26.Ne3 Bb4 27.Nxd5 Bxd2 28.Ne7+ Kf8 29.Nxg6+ fxg6
30.d5 Bg5 31.Bd4 Bf6 32.Bxf6 gxf6 33.Re1 Rc2 34.Re6 Rxb2 35.Rxf6+ Kg7 36.Rd6 a5
37.a4 b5 38.axb5 Rxb5 39.Rd8 a4 40.Ra8 Rxd5 41.Rxa4 Rd2 42.Re4 Kf6 43.Kf1 Ra2
44.Re2 Ra4 45.Kf2 Rb4 46.g4 g5 47.Rc2 Rb3 48.Rc4 Kg6 49.h4 Ra3 50.h5+ Kg7
51.Rc7+ Kg8 52.Rd7 Ra4 53.Ke3 Rf4 54.Rd4 Rf7 55.f4 gxf4+ 56.Rxf4 Ra7 57.Rf6 Kg7
58.Rg6+ Kh7 59.Kf4 Ra5 60.Re6 Kg7 61.Re7+ Kg8 62.Re5 Ra7 63.Kf5 Kg7 64.Rd5 Rb7
65.Rd6 Rb5+ 66.Ke6 Rb7 67.Ke5 Rb5+ 68.Rd5 Rb7 69.Kf5 Rf7+ 70.Ke6 Rf4 71.g5  1/2-1/2

[Event "Gausdal Int"]
[Site "Gausdal"]
[Date "1995.??.??"]
[Round "6"]
[White "Steingrimsson, Hedinn"]
[Black "Hess, Christian"]
[Result "1-0"]
[WhiteElo "2410"]
[BlackElo "2255"]

1.e4 e6 2.d4 d5 3.Nd2 a6 4.Ngf3 c5 5.dxc5 Bxc5 6.Bd3 Nc6 7.O-O Nf6 8.a3 Qc7
9.exd5 Nxd5 10.Re1 Nf4 11.Bf1 O-O 12.b4 Be7 13.Bb2 Rd8 14.g3 Ng6 15.h4 Bd6
16.h5 Nge5 17.h6 Ng4 18.hxg7 Bxg3 19.Re2 Bh2+ 20.Kh1 Rd5 21.Bh3 Be5 22.Nxe5 Ngxe5
23.Qg1 b5 24.Ne4 Nd7 25.Rd1 Bb7 26.Rxd5 exd5 27.Bxd7 dxe4 28.Bf5 e3 29.f3 h5
30.Rh2  1-0

[Event "Geneve op"]
[Site "Geneve"]
[Date "1995.??.??"]
[Round "3"]
[White "Milov, Leonid"]
[Black "Masserey, Yvan"]
[Result "1/2-1/2"]
[WhiteElo "2525"]
[BlackElo "2345"]

1.e4 e6 2.d4 d5 3.Nd2 a6 4.Ngf3 c5 5.exd5 exd5 6.Be2 c4 7.O-O Bd6 8.Re1 Ne7
9.b3 cxb3 10.axb3 Nbc6 11.c3 O-O 12.Ba3 Bf5 13.Bxd6 Qxd6 14.b4 a5 15.Qa4 b6
16.Qa3 Rac8 17.bxa5 Qxa3 18.Rxa3 Nxa5 19.Nh4 Be6 20.g3 Rc6 21.Bb5 Rc7 22.Ng2 Rfc8
23.Nf4 Rxc3 24.Rxc3 Rxc3 25.Nxe6 fxe6 26.Bd7 Rd3 27.Nf1 Kf8 28.Bxe6 Rxd4
29.Rb1 Nc4 30.Ne3 g6 31.Nxc4 dxc4 32.Rxb6 Rd1+ 33.Kg2 c3 34.Bb3 Rb1 35.Rf6+ Ke8
36.Ba4+ Kd8 37.Rd6+ Kc8 38.Rd3 Rc1 39.Kf3 Ng8 40.Rd1 Rxd1 41.Bxd1 Kd7 42.Ke3 Nf6
43.Kd4 Kd6 44.f3 g5 45.Bb3 Nd7 46.Kxc3 Ke5 47.Bf7 Nf6 48.Kd3 Nd7 49.Ke3 Nf6
50.Bb3 h6 51.Bc4 Ne8 52.Bf7 Nf6 53.f4+ gxf4+ 54.gxf4+ Kf5 55.Kf3 Nd7 56.Bb3 Nf6
57.Bf7 Nd7 58.h4 Ne5+ 59.fxe5 Kxe5 60.Kg4 Kf6  1/2-1/2

[Event "Geneve op"]
[Site "Geneve"]
[Date "1995.??.??"]
[Round "5"]
[White "Bex, Pierre Alain"]
[Black "Kovacevic, Vlatko"]
[Result "0-1"]
[WhiteElo "2190"]
[BlackElo "2520"]

1.e4 e6 2.d4 d5 3.Nd2 a6 4.Ngf3 c5 5.exd5 exd5 6.dxc5 Bxc5 7.Nb3 Ba7 8.c3 Ne7
9.Bd3 Bg4 10.O-O Nbc6 11.Re1 Qd7 12.Be3 Bxe3 13.Rxe3 O-O-O 14.Be2 f6 15.Nbd4 Bh5
16.b4 Rde8 17.b5 axb5 18.Bxb5 Nf5 19.Rd3 Nfxd4 20.Rxd4 Qe6 21.Rxd5 Rd8 22.Bc4 Qe4
23.Nd2 Rxd5  0-1

[Event "Geneve op"]
[Site "Geneve"]
[Date "1995.??.??"]
[Round "6"]
[White "Anka, Emil"]
[Black "Zorman, Vojko"]
[Result "0-1"]
[WhiteElo "2410"]
[BlackElo "2335"]

1.e4 e6 2.d4 d5 3.Nd2 Nc6 4.Ngf3 g6 5.Bb5 Ne7 6.O-O Bg7 7.c3 O-O 8.e5 Bd7
9.Qe2 Nf5 10.Nb3 b6 11.Bg5 Qe8 12.Bd3 h6 13.Bf6 Bxf6 14.exf6 Qd8 15.Ne5 Be8
16.Bb5 Nb8 17.Bxe8 Rxe8 18.g4 Nd6 19.Qe3 Qxf6 20.Qxh6 Qg7 21.Qe3 f6 22.Nd3 Nd7
23.f4 Nc4 24.Qf2 e5 25.Rae1 e4 26.Nb4 Qf7 27.a4 a5 28.Na2 f5 29.g5 Nf8 30.Qc2 Ne6
31.Nd2 Nd6 32.Nc1 c5 33.Ne2 Qc7 34.Qb3 Qc6 35.Rc1 c4 36.Qc2 Re7 37.Rfe1 Rh7
38.Ra1 Rh4 39.Rf1 Qc7 40.Qc1 Qh7 41.Ng3 Rxh2  0-1

[Event "BL2-S9495"]
[Site "Germany"]
[Date "1995.??.??"]
[Round "?"]
[White "Dudek, Richard"]
[Black "Mueller, Olaf"]
[Result "1-0"]
[WhiteElo "2280"]
[BlackElo "2345"]

1.e4 e6 2.d4 d5 3.Nd2 a6 4.Ngf3 c5 5.dxc5 Bxc5 6.Bd3 Nc6 7.O-O Nge7 8.c3 O-O
9.Qe2 Ng6 10.Nb3 Bd6 11.Bg5 Qc7 12.exd5 exd5 13.Bxg6 fxg6 14.Qd3 Be6 15.Bh4 Kh8
16.Bg3 Bg4 17.Qxd5 Rad8 18.Nfd4 Ne5 19.Ne6 Qf7 20.Nbd4 Rfe8 21.Bxe5 Bxe5
22.Qxe5 Bxe6 23.Nxe6 Rxe6 24.Qg5 Rde8 25.Qd5 Qe7 26.Rad1 Re2 27.b4 h6 28.a4 Rc2
29.Qb3 Re2 30.h3 Rf8 31.Qd5 Qf6 32.Qxb7 Rxf2 33.Rxf2 Qxf2+ 34.Kh1 Qe2 35.Rg1 Qc4
36.b5 axb5 37.axb5 Qxc3 38.b6  1-0

[Event "BL2-O9495"]
[Site "Germany"]
[Date "1995.??.??"]
[Round "?"]
[White "Pribyl, Martin"]
[Black "Schoebel, Wolfgang"]
[Result "1/2-1/2"]
[WhiteElo "2360"]
[BlackElo "2210"]

1.e4 e6 2.d4 d5 3.Nd2 Nc6 4.Ngf3 Nf6 5.e5 Nd7 6.Bd3 Nb4 7.Be2 f6 8.c3 Nc6
9.exf6 Qxf6 10.Nf1 Bd6 11.Ng3 O-O 12.O-O Ne7 13.Bg5 Qf7 14.Bxe7 Qxe7 15.Re1 Qf6
16.Bf1 Qh6 17.Bd3 Nf6 18.Ne5 Bd7 19.f3 Rae8 20.Qe2 Bc8 21.Qe3 Qh4 22.b4 Nd7
23.Ne2 b6 24.f4 Nxe5 25.fxe5 Be7 26.Ng3 Bg5 27.Qe2 Re7 28.Rf1 Ref7 29.Rxf7 Rxf7
30.b5 Bd7 31.a4 c5 32.bxc6 Bxc6 33.Bb5 Bxb5 34.axb5 Qf4 35.Rf1 Qe3+ 36.Qxe3 Bxe3+
37.Kh1 Bd2 38.Rxf7 Kxf7 39.Ne2 Kg6 40.g4 h5 41.gxh5+ Kf5 42.Kg2 Ke4 43.Kg3 Bh6
44.Kg4 Ke3 45.c4 dxc4 46.d5 Kxe2 47.dxe6 c3 48.e7 c2 49.e8=Q c1=Q 50.Kf5 Qf4+
51.Kg6 Qe4+ 52.Kf7 Bf4 53.e6 Qe5 54.Kg6 Qf6+ 55.Kh7 Bd6 56.Qg6 Qe5 57.Qg2+ Kd1
58.Qg1+ Ke2 59.Qg2+ Kd1 60.Qg1+ Ke2 61.Qg2+  1/2-1/2

[Event "NRW-Liga II 9495"]
[Site "Germany"]
[Date "1995.??.??"]
[Round "?"]
[White "Forchert, Martin"]
[Black "Borngaesser, Rene"]
[Result "1/2-1/2"]
[WhiteElo "2325"]
[BlackElo "2375"]

1.e4 e6 2.d4 d5 3.Nd2 Nc6 4.Ngf3 Nf6 5.e5 Nd7 6.Be2 Be7 7.Nf1 f6 8.exf6 Nxf6
9.Ne3 Bd6 10.c4 b6 11.cxd5 exd5 12.Bb5 Bd7 13.O-O Ne7 14.Bd3 O-O 15.b3 Be8
16.Ne5 Bh5 17.f3 c5 18.Bb2 cxd4 19.Bxd4 Qb8 20.N5g4 Bxg4 21.Bxf6 gxf6 22.fxg4 Bxh2+
23.Kh1 Qe5 24.Nxd5 Nxd5 25.Bc4 Kh8 26.Qxd5  1/2-1/2

[Event "BL9596 (Women)"]
[Site "Germany"]
[Date "1995.??.??"]
[Round "?"]
[White "Nowicki, Eva"]
[Black "Just, Gabriele"]
[Result "0-1"]
[WhiteElo "2080"]
[BlackElo "2005"]

1.e4 e6 2.d4 d5 3.Nd2 Nc6 4.c3 e5 5.dxe5 dxe4 6.Qe2 Qe7 7.Nxe4 Nxe5 8.Bg5 f6
9.Be3 b6 10.Ng3 Be6 11.b3 O-O-O 12.Qc2 Kb8 13.Be2 Qe8 14.Nf3 Ng4 15.Bc1 Bd6
16.O-O Bxg3 17.fxg3 Bc8 18.Nd4 h5 19.Bb5 Bd7 20.Bxd7 Qxd7 21.Qf5 Ne7 22.Qxd7 Rxd7
23.Re1 Kb7 24.h3 Ne5 25.Bf4 Nd3 26.Red1 Nc5 27.Nf3 Rhd8 28.Rxd7 Rxd7 29.c4 Nf5
30.g4 hxg4 31.hxg4 Nd4 32.Be3 Nc2 33.Bxc5 Nxa1 34.Bf2 Nc2 35.g5 fxg5 36.Nxg5 Nb4
37.a3 Nd3 38.Bg3 a5 39.Ne6 Kc8 40.Kf1 Re7 41.Nd4 Kd7 42.Nb5 c6 43.Nd4 g6
44.Nc2 Re4  0-1

[Event "Landesliga S9495 Bayern"]
[Site "Germany"]
[Date "1995.??.??"]
[Round "1"]
[White "Mooser, Stefan"]
[Black "Wagner, Anselm"]
[Result "1/2-1/2"]
[WhiteElo "2225"]
[BlackElo "2350"]

1.e4 e6 2.d4 d5 3.Nd2 a6 4.Ngf3 c5 5.exd5 exd5 6.dxc5 Bxc5 7.Nb3 Ba7 8.Bd3 Ne7
9.O-O O-O 10.Re1 Nbc6 11.c3 Bf5 12.Be3 Bxd3 13.Qxd3 Bxe3 14.Rxe3 Qd6 15.Nbd4 Ng6
16.Rae1  1/2-1/2

[Event "Landesliga S9495 Bayern"]
[Site "Germany"]
[Date "1995.??.??"]
[Round "1"]
[White "Nurbekoglu, Michael"]
[Black "Wagner, Anselm"]
[Result "1/2-1/2"]
[WhiteElo "2165"]
[BlackElo "2350"]

1.e4 e6 2.d4 d5 3.Nd2 a6 4.Ngf3 c5 5.exd5 exd5 6.dxc5 Bxc5 7.Nb3 Ba7 8.Bd3 Qe7+
9.Qe2 Nc6 10.O-O Qxe2 11.Bxe2 Bg4 12.h3 Bh5 13.Re1 Nge7 14.Ne5 Bxe2 15.Nxc6 bxc6
16.Rxe2 Kd7 17.Be3 Bxe3 18.Rxe3 Rhb8 19.Rae1 Ng8 20.Rg3 g6 21.Rf3 f6 22.Rfe3 a5
23.Re6 a4 24.Nc5+ Kc7 25.b3 axb3 26.axb3 Ra5 27.Na4 Rd8 28.Re8 f5 29.R1e6 Raa8
30.Rxd8 Rxd8 31.Nc5 Ra8 32.g4 fxg4 33.hxg4 Kb6 34.Nd3 Ra7 35.Re8 Nf6 36.Rb8+ Rb7
37.Rxb7+ Kxb7 38.f3 Kc7 39.Kf2 Kd6 40.g5 Nd7 41.f4 Nf8 42.Ke3 Ne6 43.Nf2 c5
44.c3 Kc6 45.Ng4 Ng7 46.Nf6 Nf5+ 47.Kd3 h5 48.gxh6 Nxh6 49.Nh7 Nf5 50.Nf8 Ne7
51.Ne6 Kd6 52.Ng5 Nc6 53.Nf3 Ke6 54.Nh4 Kf6 55.Nf3 Kf5 56.Nh4+ Kxf4 57.Nxg6+ Kf5
58.Nf8 Ke5 59.Ng6+ Kd6 60.Nf4 Ne5+ 61.Ke3 Nd7 62.b4 Nb6 63.bxc5+ Kxc5 64.Nxd5 Nxd5+
65.Kf3 Nxc3  1/2-1/2

[Event "Mittelfranken-ch"]
[Site "Germany"]
[Date "1995.??.??"]
[Round "7"]
[White "Hirn, Oskar"]
[Black "Kraft, Volker"]
[Result "0-1"]
[WhiteElo "2195"]
[BlackElo "2315"]

1.d4 e6 2.e4 d5 3.Nd2 Nc6 4.Ngf3 Nf6 5.e5 Nd7 6.c3 f6 7.Bb5 Be7 8.O-O O-O
9.Re1 Qe8 10.Nf1 Qf7 11.Ng3 h6 12.Bd3 f5 13.c4 dxc4 14.Bxc4 Nb6 15.Bb3 Rd8
16.Bd2 Nxd4 17.Nxd4 Rxd4 18.Qc2 Kh8 19.Be3 Rd7 20.Ne2 c6 21.Bxb6 axb6 22.Rad1 Bg5
23.h4 Bxh4 24.Qc4 Bg5 25.Rd4 Rxd4 26.Nxd4 b5 27.Qc2 Bd7 28.Rd1 Rd8 29.f4 Be7
30.a4 bxa4 31.Bxa4 b5 32.Bb3 c5 33.Ne2 c4 34.Ba2 Bc6 35.b3 Rxd1+ 36.Qxd1 Qg6  0-1

[Event "Landesliga S9495 Bayern"]
[Site "Germany"]
[Date "1995.??.??"]
[Round "8"]
[White "Albert, Thomas"]
[Black "Strangmueller, Andreas"]
[Result "1-0"]
[WhiteElo "2085"]
[BlackElo "1900"]

1.e4 e6 2.d4 d5 3.Nd2 Nc6 4.Ngf3 Nf6 5.e5 Nd7 6.c3 Be7 7.Bd3 O-O 8.O-O f6
9.exf6 Bxf6 10.Qc2 g6 11.Nb3 e5 12.dxe5 Ndxe5 13.Be2 Nxf3+ 14.Bxf3 Ne5 15.Be2 Bf5
16.Qd1 c6 17.Nd4 Bd7 18.f4 Nf7 19.Bd3 Nd6 20.Qc2 Bxd4+ 21.cxd4 Nf5 22.Qf2 Qf6
23.Bxf5 Bxf5 24.Bd2 Rae8 25.Rae1 Re4 26.Rxe4 Bxe4 27.Be3 Re8 28.Re1 Bf5 29.Bd2 Rxe1+
30.Bxe1 Qe7 31.h3 Bd3 32.a3 Qe4 33.Bb4 Qe2 34.Qh4 Qe8 35.Bd6 Bf5 36.Qf6 Qe6
37.Qd8+ Kg7 38.Qf8+  1-0

[Event "Hania op"]
[Site "Hania"]
[Date "1995.??.??"]
[Round "3"]
[White "Tsihlis, G."]
[Black "Andreasson, Ingvar"]
[Result "1-0"]
[WhiteElo "2070"]
[BlackElo "2370"]

1.e4 e6 2.d4 d5 3.Nd2 a6 4.Ngf3 c5 5.exd5 exd5 6.Be2 Nc6 7.O-O c4 8.Re1 Be7
9.c3 Nf6 10.Ne5 O-O 11.b3 cxb3 12.axb3 Nxe5 13.dxe5 Nd7 14.Bf3 Qc7 15.Bxd5 Nxe5
16.Nf3 Bg4 17.Bf4 Bxf3 18.Bxe5 Qxe5 19.Rxe5 Bxd1 20.Rxe7 Bc2 21.Rxb7 Rad8
22.c4 Rd6 23.Re1 g5 24.Ree7 Bg6 25.b4 Rfd8 26.f3 Rxd5 27.cxd5 Rxd5 28.Red7 Re5
29.Kf2 Re6 30.Re7 Rc6 31.Rec7 Rd6 32.Rd7 Re6 33.Rd2 h6 34.Rbd7 Rb6 35.R2d4 Rb5
36.R7d5  1-0

[Event "Hastings Masters"]
[Site "Hastings"]
[Date "1995.??.??"]
[Round "6"]
[White "Pickersgill, Adrian"]
[Black "Mellier, Pierre"]
[Result "1/2-1/2"]
[WhiteElo "2105"]
[BlackElo "2210"]

1.e4 e6 2.d4 d5 3.Nd2 a6 4.Ngf3 c5 5.exd5 exd5 6.dxc5 Bxc5 7.Nb3 Ba7 8.c3 Nf6
9.Bd3 O-O 10.O-O Nc6 11.Bg5 Bg4 12.Bc2 Ne5 13.Nbd4 Qd6 14.Bh4 Ne4 15.Re1 f5
16.Nxf5 Nxf3+ 17.gxf3 Bxf5 18.Rxe4 Bxe4 19.Bxe4 d4 20.Bg3 Qf6 21.Qb3+ Kh8
22.Qxb7 dxc3 23.bxc3 Qxc3 24.Rd1 Bd4 25.Qxa8 Rxa8 26.Bxa8 g6 27.Bd5 Be5 28.Kg2 Bxg3
29.hxg3 a5 30.Bb3 Qc7 31.Rd4 Qc5 32.Re4 g5 33.a4 h6 34.Bf7 Kg7 35.Bh5 Qa3
36.f4 gxf4 37.Rxf4 Qc5 38.Bf3 Qa3 39.Bc6 Qc5 40.Bb5 Qd5+ 41.Kh2 Qh5+  1/2-1/2

[Event "EU-ch U20"]
[Site "Holon"]
[Date "1995.??.??"]
[Round "4"]
[White "Solak, Dragan"]
[Black "Pcola, Pavel"]
[Result "0-1"]
[WhiteElo "2240"]
[BlackElo "2335"]

1.e4 e6 2.d4 d5 3.Nd2 Nc6 4.Ngf3 Nf6 5.e5 Nd7 6.Bb5 a6 7.Bxc6 bxc6 8.Nb3 c5
9.Bg5 Be7 10.Na5 Nb8 11.Bxe7 Qxe7 12.dxc5 Qxc5 13.Qd2 Nc6 14.Nxc6 Qxc6 15.O-O O-O
16.c3 a5 17.Rfe1 Qc5 18.b4 axb4 19.cxb4 Qb6 20.a4 c5 21.bxc5 Qxc5 22.Rec1 Qa7
23.Rc3 Ba6 24.Nd4 Rfc8 25.Rg3 Qe7 26.Qh6 Qf8 27.h4 Rc3 28.Qf4 Rxg3 29.fxg3 Qe7
30.Ra2 h6 31.Rf2 Bc4 32.g4 Rxa4 33.g5 hxg5 34.hxg5 Bd3 35.Nc6 Ra1+ 36.Kh2 Qc7
37.Qd4 Rc1 38.Nb4 Be4 39.Ra2 Rc4 40.Qb2 Qb8 41.Na6 Qxb2 42.Rxb2 Kh7 43.Rf2 Kg6
44.Nb8 Rc2 45.Rxc2 Bxc2 46.Nc6 Kxg5 47.Kg3 f6 48.Nd4 Bf5 49.Nf3+ Kg6 50.Kf4 Kf7
51.g4 Be4 52.Nd2 g5+ 53.Ke3 fxe5 54.Nxe4 dxe4 55.Kxe4 Kf6 56.Kd3 Ke7 57.Ke3 Kd7
58.Kd3 Kc6 59.Kc4 Kd6 60.Kc3 Kd5  0-1

[Event "HUN-chT2 9596"]
[Site "HUN"]
[Date "1995.??.??"]
[Round "6"]
[White "Sziraki, Tamas"]
[Black "Mullner, Imre"]
[Result "1/2-1/2"]
[WhiteElo "2255"]
[BlackElo "2220"]

1.e4 e6 2.d4 d5 3.Nd2 Nc6 4.Ngf3 Nf6 5.e5 Nd7 6.Bd3 f6 7.exf6 Qxf6 8.Nf1 Bd6
9.Ne3 Nb4 10.O-O Nxd3 11.Qxd3 O-O 12.Bd2 c5 13.c3 c4 14.Qc2 h6 15.Rfe1 Qf7
16.Ng4 Qh5 17.Nge5 Nxe5 18.Nxe5 Bd7 19.Re3 Bxe5  1/2-1/2